• Vida religiosa y monástica

di Topical Term

Records bibliografici associati: 1

001 - CONTROL NUMBER

  • control field: 51730

003 - CONTROL NUMBER IDENTIFIER

  • control field: IT-RoINE

005 - DATE AND TIME OF LATEST TRANSACTION

  • control field: 20180717094541.0

008 - FIXED-LENGTH DATA ELEMENTS

  • fixed length control field: 180717|| aca||aabn | a|a d

040 ## - CATALOGING SOURCE

  • Original cataloging agency: IT-RoINE
  • Transcribing agency: IT-RoINE

150 ## - HEADING--TOPICAL TERM

  • Topical term or geographic name as entry element: Vida religiosa y monástica
  • General subdivision: Historia
  • Chronological subdivision: 600-1500 (Edad media)
  • Form subdivision: Congresos

670 ## - SOURCE DATA FOUND

  • Source citation: Work cat.: (IT-RoINE)0: Università cattolica del Sacro Cuore. Centro di studi medioevali. Settimana Internazionale di Studio (4ª. 1968. Passo della Mendola, Italia) 51729, Il monachesimo e la riforma ecclesiastica (1049- 1122) :, [1971]